MARC details
| 000 -LEADER |
| fixed length control field |
02221nam a22002297a 4500 |
| 008 - FIXED-LENGTH DATA ELEMENTS--GENERAL INFORMATION |
| fixed length control field |
170804b xxu||||| |||| 00| 0 eng d |
| 020 ## - INTERNATIONAL STANDARD BOOK NUMBER |
| International Standard Book Number |
0-7879-0073-7 (alk. paper) |
| 082 ## - DEWEY DECIMAL CLASSIFICATION NUMBER |
| Edition number |
1995 |
| Classification number |
DC 378.1250973 |
| Item number |
D87 |
| 100 ## - MAIN ENTRY--PERSONAL NAME |
| 9 (RLIN) |
21617 |
| Personal name |
Duffy, Donna Killian. |
| 245 ## - TITLE STATEMENT |
| Title |
Teaching within the rhythms of the semester / |
| Statement of responsibility, etc. |
Donna Killian Duffy, Janet Wright Jones. |
| 250 ## - EDITION STATEMENT |
| Edition statement |
First Edition |
| 260 ## - PUBLICATION, DISTRIBUTION, ETC. (IMPRINT) |
| Place of publication, distribution, etc. |
San Francisco : |
| Name of publisher, distributor, etc. |
Jossey-Bass, |
| Date of publication, distribution, etc. |
c1995. |
| 300 ## - PHYSICAL DESCRIPTION |
| Extent |
xx, 259 pages : |
| Other physical details |
illustrations ; |
| Dimensions |
24 cm. |
| 440 ## - SERIES STATEMENT/ADDED ENTRY--TITLE |
| 9 (RLIN) |
21618 |
| Title |
Jossey-Bass higher and adult education series. |
| 500 ## - GENERAL NOTE |
| General note |
Includes bibliographical references (p. 239-251) and index. |
| 505 ## - FORMATTED CONTENTS NOTE |
| Formatted contents note |
Prelude to the semester -- Exploring teaching styles -- Creating magic in the classroom -- Stalking the superior syllabus -- Tempo of the semester -- The opening weeks: establishing community -- The interim weeks: beating the doldrums -- The final weeks: achieving closure. |
| 520 ## - SUMMARY, ETC. |
| Summary, etc. |
Teaching Within the Rhythms of the Semester is a unique and far-reaching guide to teaching and learning that is organized around the ebbs and flows of energy that occur within the time frame of a course. It combines a lively and innovative balance of theory and application with practical techniques for creating successful learning experiences at each stage in a semester. Duffy and Jones discuss ways of teaching and ways of learning. They model practices that instructors at every level may use to get off to a good beginning, maintain motivation in the mid-semester doldrums, and achieve successful closure at the end. Duffy and Jones offer an excellent synthesis of the principles behind effective teaching. Each chapter opens with a vignette that illustrates some of the challenges teachers encounter in the classroom and the ways both they and their students respond to them. These realistic and engaging narratives are followed by a discussion of the educational, cognitive, and affective theories at work, as well as concrete suggestions - more than one hundred throughout the book - for similar classroom situations. |
| 650 #0 - SUBJECT ADDED ENTRY--TOPICAL TERM |
| 9 (RLIN) |
21619 |
| Topical term or geographic name as entry element |
College teaching -- United States. |
| 700 ## - ADDED ENTRY--PERSONAL NAME |
| 9 (RLIN) |
21620 |
| Personal name |
Jones, Janet Wright. |
| 365 ## - TRADE PRICE |
| Price amount |
1,560.00 |
| Currency code |
Php |
| 942 ## - ADDED ENTRY ELEMENTS (KOHA) |
| Source of classification or shelving scheme |
Dewey Decimal Classification |
| Koha item type |
Circulation |